Word Ladder: Katy Perry Quiz Stats

 Plays Quiz Updated Aug 11, 2012

Support Sporcle.
Go Orange.
Score 0/18 Timer 02:00
1 Play Today
Hint Word % Correct
• I Kissed a ____•GIRL•
96.9%
• Hot n ____•COLD•
90.7%
• ____ Awake ••WIDE•
89%
Secret agent JamesBOND
87.7%
• ____ Friday Night (T.G.I.F.) ••LAST•
85.8%
Fermented grape juiceWINE
82.8%
Thick typefaceBOLD
82.6%
Before the present timePAST
82.1%
• ____ of Me ••PART•
79.8%
Hint Word % Correct
Amount to pay for somethingCOST
74.3%
Window portionPANE
73.3%
Drama series on ABCLOST
72.2%
To tie or fasten tightlyBIND
70.6%
Gradually decrease in strengthWANE
70.1%
Indianan footballerCOLT
69.7%
To trim or peelPARE
64.2%
Rhea or Yellowhammer, e.g.BIRD
55.8%
Prepare for a difficult activityGIRD
54.2%

Today's Daily Dose

Word Ladder
ING Words

Get the Picture
Nearest Volcano

From the Vault

4x4 Image Crossword: Historical Figures

by bhenderson79

History 3m
You know you're important if your face has become a crossword clue.
Remove Ads.
Support Sporcle.
Get the best of Sporcle when you Go Orange. This ad-free experience offers more features, more stats, and more fun while also helping to support Sporcle. Thank you for becoming a member.

Show Comments

Extras

Top Quizzes Today


Score Distribution

Your Account Isn't Verified!

In order to create a playlist on Sporcle, you need to verify the email address you used during registration. Go to your Sporcle Settings to finish the process.

Report this User

Report this user for behavior that violates our Community Guidelines.

Details: